[Event "VIE-ch U09"]
[Site "Ho Chi Minh City"]
[Date "2014.07.18"]
[Round "9"]
[White "Pham, Nguyen Phuc Hao"]
[Black "Vu, Huy Phong"]
[Result "1/2-1/2"]
[WhiteElo "1513"]
[BlackElo "1472"]
[PlyCount "47"]
[EventDate "2014.07.13"]
[EventType "swiss"]
[EventRounds "9"]
[EventCountry "VIE"]
[SourceTitle "EXT 2016"]
[Source "ChessBase"]
[SourceDate "2015.10.08"]
[SourceVersion "1"]
[SourceVersionDate "2015.10.08"]
[SourceQuality "1"]

1. d4 e6 2. Bf4 d5 3. Nc3 c6 4. e3 Nf6 5. Bxb8 Rxb8 6. Bd3 Bd6 7. e4 dxe4 8. Nxe4 Nxe4 9. Bxe4 0-0 10. Nf3 Qf6 11. 0-0 e5 12. Re1 exd4 13. Qxd4 Qxd4 14. Nxd4 Bc5 15. Nb3 Bb6 16. h3 Be6 17. Bf3 Rbd8 18. Rad1 Rfe8 19. Rxd8 Rxd8 20. a3 g6 21. a4 Bxb3 22. cxb3 Rd2 23. Re8+ Kg7 24. Rb8 1/2-1/2

[Event "VIE-ch U09"]
[Site "Ho Chi Minh City"]
[Date "2014.07.17"]
[Round "7"]
[White "Nguyen, Dinh Bao Khanh"]
[Black "Vu, Huy Phong"]
[Result "0-1"]
[WhiteElo "1501"]
[BlackElo "1472"]
[PlyCount "74"]
[EventDate "2014.07.13"]
[EventType "swiss"]
[EventRounds "9"]
[EventCountry "VIE"]
[SourceTitle "EXT 2016"]
[Source "ChessBase"]
[SourceDate "2015.10.08"]
[SourceVersion "1"]
[SourceVersionDate "2015.10.08"]
[SourceQuality "1"]

1. e4 e6 2. d4 d5 3. exd5 exd5 4. Nf3 Bd6 5. Nc3 c6 6. g3 Ne7 7. Bg2 Be6 8. 0-0 0-0 9. Ng5 h6 10. Nxe6 fxe6 11. Qg4 Nf5 12. Qg6 Qf6 13. Qxf6 Rxf6 14. Bh3 Nxd4 15. Bd2 Nf3+ 16. Kg2 Nxd2 17. Rfe1 e5 18. Bc8 Rf7 19. Be6 e4 20. Bxf7+ Kxf7 21. h4 h5 22. Kh3 Nf3 23. Red1 Be7 24. Rh1 Nd7 25. g4 hxg4+ 26. Kxg4 Nde5+ 27. Kg3 Bxh4+ 28. Rxh4 Nxh4 29. Kxh4 Rh8+ 30. Kg3 g5 31. Na4 b6 32. b3 g4 33. Rf1 Rh3+ 34. Kf4 Kf6 35. f3 Rxf3+ 36. Rxf3 gxf3 37. Kg3 e3 0-1

[Event "VIE-ch U09"]
[Site "Ho Chi Minh City"]
[Date "2014.07.16"]
[Round "6"]
[White "Vu, Huy Phong"]
[Black "Hoang, Quoc Khanh"]
[Result "1/2-1/2"]
[WhiteElo "1472"]
[BlackElo "1499"]
[PlyCount "74"]
[EventDate "2014.07.13"]
[EventType "swiss"]
[EventRounds "9"]
[EventCountry "VIE"]
[SourceTitle "EXT 2016"]
[Source "ChessBase"]
[SourceDate "2015.10.08"]
[SourceVersion "1"]
[SourceVersionDate "2015.10.08"]
[SourceQuality "1"]

1. e4 e5 2. Nf3 d6 3. h3 Nf6 4. Bc4 Nxe4 5. d3 Nc5 6. Be3 Ne6 7. Nc3 Be7 8. 0-0 0-0 9. Qe2 Nc6 10. Kh1 Bd7 11. Rfe1 Bf6 12. Nd5 h6 13. Rad1 Re8 14. Qd2 Kh7 15. Nxf6+ Qxf6 16. Bd5 a6 17. Qc3 Kh8 18. Kh2 Kh7 19. Qb3 Rab8 20. Qc3 Ne7 21. Bxe6 Qxe6 22. Qxc7 Rec8 23. Qb6 Rxc2 24. Qa7 Rcc8 25. a3 Qb3 26. Qb6 Qxb6 27. Bxb6 Nd5 28. Ba7 Ra8 29. Be3 Rc2 30. Rd2 Rxd2 31. Nxd2 Nxe3 32. fxe3 b5 33. Ne4 d5 34. Nc5 Be6 35. b4 Ra7 36. d4 e4 37. Rf1 Kg8 1/2-1/2